[Event "UKR-chT 2019"]
[Site "Chornomorsk"]
[Date "2019.05.23"]
[Round "4.1"]
[White "Kuzubov, Yuriy"]
[Black "Onischuk, Vladimir"]
[Result "1/2-1/2"]
[WhiteElo "2664"]
[BlackElo "2633"]
[Annotator "TA"]
[PlyCount "105"]
[EventDate "2019.05.20"]
[EventCountry "UKR"]
[SourceTitle "playchess.com"]
[Source "ChessBase"]
[SourceQuality "1"]

{[%evp 14,105,13,11,22,16,20,22,22,0,0,0,0,-9,44,32,63,68,63,64,62,65,54,74,68,77,76,76,63,76,76,75,75,75,72,74,72,72,75,79,79,72,66,64,79,72,72,65,65,57,41,52,56,40,47,25,24,4,4,8,11,9,11,3,14,0,0,0,0,0,0,0,0,0,0,0,0,0,0,0,0,0,0,0,0,0,0,0,0,0,0,0,0,0]} 1. e4 d6 2. d4 Nf6 3. Bd3 e5 4. c3 Nc6 5. Nf3 g6 6. O-O Bg7 7. Nbd2 O-O 8. Re1 exd4 {B07: Pirc Defence: Miscellaneous Systems} 9. cxd4 a5 10. Bb5 Bd7 11. h3 $146 ({Predecessor:} 11. Nb1 Bg4 12. Bxc6 bxc6 13. h3 Bxf3 14. Qxf3 Nd7 15. Be3 Rb8 16. Nd2 Rxb2 {½-½ (62) Grachev,B (2648)-Gabrielian,A (2506) Voronezh 2017}) 11... Re8 12. a3 a4 13. Rb1 d5 (13... Qc8 $11) 14. e5 $14 Ne4 15. Nxe4 dxe4 16. Bg5 Qb8 17. Rxe4 {Threatens to win with Rf4.} Nxe5 $1 18. Rxe5 Rxe5 19. Bxd7 Rxg5 {[%mdl 64] [#] Remove Defender} 20. Nxg5 Qd8 21. Nxf7 Qxd7 22. Ne5 Qd5 23. Rc1 Bxe5 24. dxe5 Qxe5 $16 {[%mdl 4096] Endgame KQR-KQR} 25. b3 Rf8 26. bxa4 Rf7 27. Qc2 b6 28. g3 Qf6 29. Re1 Kg7 30. h4 Qd4 31. Re3 c5 32. Kg2 Qd5+ 33. f3 Rd7 34. Qc3+ (34. Re2 {seems wilder.} Qd4 35. h5 Rd5 36. Qb3 Re5 37. Rxe5 Qxe5 38. hxg6 hxg6 39. Qxb6 Qe2+ 40. Kh3) 34... Qd4 35. g4 (35. Qxd4+ {looks sharper.} Rxd4 36. Re7+ Kg8 37. Rb7 Rd2+ 38. Kf1) 35... Qxc3 {The position is equal.} 36. Rxc3 $11 {With the idea a5! KR-KR} Ra7 37. Rc4 Kf6 38. Re4 h6 39. Kf2 g5 40. hxg5+ hxg5 41. Ke2 Rd7 42. Re8 Ra7 43. Rb8 Ra6 44. a5 Rxa5 45. Rxb6+ Ke5 46. Rg6 Rxa3 47. Rxg5+ Kd4 48. Rg8 Ra2+ 49. Kd1 Kd3 {[%cal Ra2a1] [#]} 50. Rd8+ Ke3 51. Rf8 Rg2 52. Rf5 c4 53. Rd5 {Accuracy: White = 68%, Black = 85%.} 1/2-1/2

[Event "UKR-chT 2019"]
[Site "Chornomorsk"]
[Date "2019.05.23"]
[Round "4.2"]
[White "Moiseenko, Alexander"]
[Black "Efimenko, Zahar"]
[Result "1/2-1/2"]
[WhiteElo "2642"]
[BlackElo "2632"]
[Annotator "RC"]
[PlyCount "45"]
[EventDate "2019.05.20"]
[EventCountry "UKR"]
[SourceTitle "playchess.com"]
[Source "ChessBase"]
[SourceQuality "1"]
[TimeControl "40/5400+30:1800+30"]

1. d4 {[%emt 0:00:00]} Nf6 {[%emt 0:00:27]} 2. c4 {[%emt 0:00:11]} e6 {[%emt 0:00:08]} 3. Nc3 {[%emt 0:00:16]} Bb4 {[%emt 0:00:09]} 4. Nf3 {[%emt 0:00:04]} b6 {[%emt 0:00:15]} 5. e3 {[%emt 0:00:17]} Bb7 {[%emt 0:00:26]} 6. Bd3 {[%emt 0:00:18]} O-O {[%emt 0:00:29]} 7. O-O {[%emt 0:00:05]} d5 {[%emt 0:00:14]} 8. cxd5 {[%emt 0:00:07]} exd5 {[%emt 0:00:15]} 9. Ne5 {[%emt 0:00:11]} Bd6 {[%emt 0:01:03]} 10. f4 {[%emt 0:00:11]} c5 {[%emt 0:00:37]} 11. g4 {[%emt 0:01:01]} Ne4 {[%emt 0:17:09]} 12. Qf3 {[%emt 0:03:38]} Nxc3 {[%emt 0:00:53]} 13. bxc3 {[%emt 0:00:03]} Nd7 {[%emt 0:00:45]} 14. g5 {[%emt 0:00:45]} Bxe5 {[%emt 0:06:22]} 15. dxe5 {[%emt 0:01:18]} Re8 {[%emt 0:00:54]} 16. c4 {[%emt 0:21:02]} Nf8 {[%emt 0:03:48]} 17. cxd5 {[%emt 0:02:18]} Bxd5 {[%emt 0:00:08]} 18. Qe2 {[%emt 0:11:51]} Rxe5 {[%emt 0:12:51]} 19. fxe5 {[%emt 0:10:45]} Qxg5+ {[%emt 0:00:16]} 20. Kf2 {[%emt 0:00:03]} Qh4+ {[%emt 0:00:52]} 21. Kg1 {[%emt 0:00:04]} Qg5+ {[%emt 0:00:14]} 22. Kf2 {[%emt 0:00:03]} Qh4+ {[%emt 0:00:06]} 23. Kg1 {[%emt 0:00:04]} 1/2-1/2

[Event "UKR-chT 2019"]
[Site "Chornomorsk"]
[Date "2019.05.23"]
[Round "4.3"]
[White "Baklan, Vladimir"]
[Black "Kovchan, Alexander"]
[Result "1/2-1/2"]
[WhiteElo "2620"]
[BlackElo "2566"]
[Annotator "TA"]
[PlyCount "40"]
[EventDate "2019.05.20"]
[EventCountry "UKR"]
[SourceTitle "playchess.com"]
[Source "ChessBase"]
[SourceQuality "1"]

{[%evp 22,39,34,0,42,41,42,0,0,0,0,0,0,0,0,0,0,0,0,0]} 1. e4 c5 2. Nf3 d6 3. d4 cxd4 4. Nxd4 Nf6 5. Nc3 a6 6. Be3 Ng4 7. Bc1 Nf6 8. Be3 Ng4 9. Bg5 h6 10. Bh4 g5 11. Bg3 Bg7 12. Bc4 Nc6 {B90: Sicilian Najdorf: Unusual White 6th moves, 6 Be3 Ng4 and 6 Be3 e5} (12... Qa5 $5 {[%cal Ra5c5]} 13. Qd3 Nc6 14. Nxc6 bxc6 $11) 13. Nxc6 bxc6 14. h4 (14. Qf3 $5 {[%cal Rf3f7]} Rf8 15. Bb3 $11) 14... Qa5 {The position is equal.} 15. Qf3 Be6 16. Bxe6 fxe6 17. Qxg4 {Hoping for 0-0-0.} Bxc3+ 18. bxc3 Qxc3+ {[%mdl 64] [#] Double Attack} 19. Ke2 Qc4+ 20. Kd2 {[#]} {Predecessor:} Qd4+ $146 1/2-1/2

[Event "UKR-chT 2019"]
[Site "Chornomorsk"]
[Date "2019.05.23"]
[Round "4.4"]
[White "Brodsky, Michail"]
[Black "Sivuk, Vitaly"]
[Result "1/2-1/2"]
[WhiteElo "2535"]
[BlackElo "2543"]
[Annotator "TA"]
[PlyCount "39"]
[EventDate "2019.05.20"]
[EventCountry "UKR"]
[SourceTitle "playchess.com"]
[Source "ChessBase"]
[SourceQuality "1"]

{[%evp 22,25,-10,-10,-14,-7]} 1. d4 Nf6 2. c4 e6 3. Nf3 d5 4. Nc3 Nbd7 5. cxd5 exd5 6. Bf4 c6 7. e3 Nh5 8. Bg5 Be7 9. Bxe7 Qxe7 10. Bd3 Nf4 11. O-O Nxd3 12. Qxd3 O-O {D36: Queen's Gambit Declined: Exchange Variation: Main line (5 Bg5 c6 6 Qc2)} 13. Rfe1 {Predecessor:} Nf6 $146 14. Ne5 c5 15. b3 b6 16. Rac1 Bb7 17. Nf3 Rac8 18. dxc5 bxc5 19. Na4 Rfd8 20. h3 {0-1 (53) Tregubov,P (2585)-Atabayev,M (2492) Doha 2016} 1/2-1/2

[Event "UKR-chT 2019"]
[Site "Chornomorsk"]
[Date "2019.05.23"]
[Round "4.5"]
[White "Malakhatko, Vadim"]
[Black "Omelja, Artem"]
[Result "0-1"]
[WhiteElo "2512"]
[BlackElo "2451"]
[Annotator "RC"]
[PlyCount "50"]
[EventDate "2019.05.20"]
[EventCountry "UKR"]
[SourceTitle "playchess.com"]
[Source "ChessBase"]
[SourceQuality "1"]
[TimeControl "40/5400+30:1800+30"]

1. Nf3 {[%emt 0:00:00]} d5 {[%emt 0:00:00]} 2. c4 {[%emt 0:00:00]} e6 {[%emt 0:00:00]} 3. g3 {[%emt 0:00:00]} Nf6 {[%emt 0:00:04]} 4. Bg2 {[%emt 0:00:00]} dxc4 {[%emt 0:00:10]} 5. Qa4+ {[%emt 0:00:00]} Nbd7 {[%emt 0:00:13]} 6. Qxc4 {[%emt 0:00:10]} a6 {[%emt 0:00:13]} 7. Qb3 {[%emt 0:00:47]} Rb8 {[%emt 0:00:14]} 8. d3 {[%emt 0:01:31]} Bd6 {[%emt 0:02:46]} 9. O-O {[%emt 0:03:11]} c5 {[%emt 0:00:46]} 10. a4 {[%emt 0:00:50]} b6 {[%emt 0:01:56]} 11. Na3 {[%emt 0:00:09]} Bb7 {[%emt 0:00:44]} 12. Nc4 {[%emt 0:00:07]} Bc7 {[%emt 0:00:19]} 13. Bd2 {[%emt 0:02:51]} O-O {[%emt 0:00:33]} 14. Rfc1 {[%emt 0:00:08]} Nd5 {[%emt 0:09:06]} 15. Qd1 {[%emt 0:00:51]} h6 {[%emt 0:02:53]} 16. Qe1 {[%emt 0:01:01]} Qe7 {[%emt 0:11:00]} 17. e4 {[%emt 0:04:40]} Nb4 {[%emt 0:00:21]} 18. Bxb4 {[%emt 0:00:06]} cxb4 {[%emt 0:00:05]} 19. d4 {[%emt 0:00:04]} Nf6 {[%emt 0:04:47]} 20. Nfe5 {[%emt 0:12:04]} Rfd8 {[%emt 0:03:24]} 21. Qe3 {[%emt 0:03:03]} b5 {[%emt 0:08:55]} 22. axb5 {[%emt 0:00:11]} axb5 {[%emt 0:00:06]} 23. Na5 {[%emt 0:00:15]} Bxe5 {[%emt 0:00:49]} 24. dxe5 {[%emt 0:03:08]} Ng4 {[%emt 0:00:09]} 25. Qc5 {[%emt 0:04:34]} Rd1+ {[%emt 0:00:30]} 0-1

[Event "UKR-chT 2019"]
[Site "Chornomorsk"]
[Date "2019.05.23"]
[Round "4.6"]
[White "Zavgorodniy, Sergiy"]
[Black "Kovalev, Denis"]
[Result "1/2-1/2"]
[WhiteElo "2420"]
[BlackElo "2496"]
[Annotator "TA"]
[PlyCount "37"]
[EventDate "2019.05.20"]
[EventCountry "UKR"]
[SourceTitle "playchess.com"]
[Source "ChessBase"]
[SourceQuality "1"]

{[%evp 17,19,10,9,-7]} 1. b3 b6 2. Bb2 Bb7 3. e3 e6 4. Nf3 Nf6 5. Be2 Be7 6. O-O O-O 7. c4 c5 8. d4 d5 9. cxd5 Nxd5 10. Nc3 {A13: English Opening: 1...e6} {Predecessor:} cxd4 $146 11. Nxd4 Nxc3 12. Bxc3 Nd7 13. Bf3 Bxf3 14. Qxf3 Bf6 15. Nc6 Qc7 16. Bxf6 Nxf6 17. Rac1 Rac8 18. h3 Nd5 19. Rc4 {1-0 (56) Salgado Lopez,I (2644)-Al Saffar,A (2368) Riadh 2017} 1/2-1/2

[Event "UKR-chT 2019"]
[Site "Chornomorsk"]
[Date "2019.05.24"]
[Round "5.1"]
[White "Moiseenko, Alexander"]
[Black "Vypkhaniuk, Ihor"]
[Result "0-1"]
[WhiteElo "2642"]
[BlackElo "2406"]
[Annotator "TA"]
[PlyCount "154"]
[EventDate "2019.05.20"]
[EventCountry "UKR"]
[SourceTitle "playchess.com"]
[Source "ChessBase"]
[SourceQuality "1"]

{[%evp 15,154,49,95,54,56,41,60,42,75,48,41,59,48,29,69,77,72,46,40,41,41,45,58,39,41,37,35,36,45,40,51,-5,-8,-4,-4,-4,-4,-2,-5,-3,-5,-4,-4,0,16,8,52,27,43,0,35,16,13,17,43,29,33,29,24,28,56,26,36,4,7,14,31,0,0,0,16,9,18,0,0,0,0,0,0,0,0,0,0,0,0,0,0,0,0,0,0,0,0,-31,-11,-18,-18,-8,-8,-95,-97,-135,-134,-142,-122,-130,-127,-129,-135,-333,-322,-349,-344,-443,-443,-443,-441,-2075,-1993,-1872,-60,-1654,-1668,-29967,-29968,-6045,-4371,-5073,-2993,-29976,-29974,-29982,-29983,-29988,-29989,-29989,-29990,-29991,-29992,-29992,-29991]} 1. d4 Nf6 2. c4 c5 3. d5 e5 4. Nc3 d6 5. e4 Nbd7 6. g3 g6 7. Bg2 Bg7 8. Nge2 O-O 9. O-O {E72: King's Indian: 4 e4 d6 5 g3} Nh5 (9... a6 10. a4 Ng4 11. f3 Nh6 12. Be3 f5 13. Qd2 Nf7 14. exf5 gxf5 15. f4 Nf6 16. fxe5 Nxe5 {1-0 (39) Carlsen,M (2714)-Korotylev,A (2600) Moscow 2007}) 10. Kh1 a6 11. a4 {White is slightly better.} b6 $146 ({Predecessor:} 11... Kh8 12. a5 f5 13. exf5 gxf5 14. f4 exf4 {1-0 (37) Golod,V (2591)-Webb,L (2324) Plovdiv 2010}) 12. Bd2 f5 13. exf5 gxf5 14. Ng1 Nhf6 15. Qc2 Ng4 16. h3 Nh6 17. Nf3 {Black must now prevent Ng5.} e4 18. Ng5 Ne5 19. b3 Nd3 20. Ne6 Bxe6 21. dxe6 Qf6 22. Nd5 Qxe6 23. Nc7 (23. Rad1 $14) 23... Qg6 $11 {Threatens to win with ...Ra7.} 24. Nxa8 Bxa1 25. Nxb6 Bd4 26. Nd5 $36 {[%mdl 2048] And now Ne7+ would win. White has good play.} Kh8 27. Nf4 Nxf4 28. Bxf4 Nf7 29. f3 {[%cal Rf3e4]} exf3 30. Bxf3 Be5 31. Qd2 Rb8 32. Rb1 Qf6 33. Bd5 Kg7 34. a5 Bc3 35. Qg2 Ne5 36. Rf1 Ng6 37. Bc1 Rf8 38. Bb7 Bxa5 39. Bxa6 (39. Be4 $5) 39... Bc3 40. Bb7 Re8 41. Qf2 Bd4 42. Qf3 Ne5 43. Qd1 Ng6 44. Bd5 Qe5 45. Qf3 Qe2 46. Bg5 (46. Qxe2 {with more complications.} Rxe2 47. Bg5 h6 48. Bd8 Bf2 49. Kg2) 46... Qxf3+ 47. Bxf3 f4 48. Bxf4 Nxf4 49. gxf4 {[%mdl 4096] Endgame KRB-KRB} Re3 50. Kg2 Rxb3 51. Kg3 Rc3 52. Rb1 Rxc4 53. Rb7+ Kf6 54. Bd5 Rc3+ 55. Kg4 {[#]} h5+ $1 {[%mdl 576] Deflection} 56. Kxh5 {[%csl Gd5][%cal Rb7f7]} Kf5 {[%cal Rc3h3]} 57. h4 (57. Rf7+ $11 {keeps the balance.} Bf6 58. h4) 57... Kxf4 $17 58. Rf7+ Ke5 59. Bf3 Rc1 60. Re7+ Kf4 61. Bd5 Be5 62. Kg6 $2 (62. Ra7 $17 {might work better.}) 62... c4 $19 63. Rc7 Rg1+ 64. Kh6 c3 65. h5 Ke3 66. Be6 {[#]} (66. Rc8 $142 Kd2 67. Be4) 66... d5 $1 {[%mdl 512]} 67. Rc5 (67. Bxd5 Bxc7) 67... Bf4+ 68. Kh7 d4 69. Rc8 Kd2 70. Bf5 Rg3 71. Rc4 Be3 72. h6 d3 {Black mates.} 73. Kh8 Bxh6 74. Rh4 c2 75. Rh2+ Ke3 76. Rxc2 dxc2 77. Bxc2 Bf4 {Accuracy: White = 43%, Black = 72%.} 0-1

[Event "UKR-chT 2019"]
[Site "Chornomorsk"]
[Date "2019.05.24"]
[Round "5.2"]
[White "Kruglyakov, Pavlo"]
[Black "Kovchan, Alexander"]
[Result "1/2-1/2"]
[WhiteElo "2371"]
[BlackElo "2566"]
[Annotator "TA"]
[PlyCount "74"]
[EventDate "2019.05.20"]
[EventCountry "UKR"]
[SourceTitle "playchess.com"]
[Source "ChessBase"]
[SourceQuality "1"]

{[%evp 15,74,38,27,0,0,0,0,0,13,8,6,10,5,12,15,13,15,13,13,13,13,10,13,13,13,13,17,13,12,12,10,0,0,0,0,0,0,0,0,0,0,0,0,0,0,0,0,0,0,0,0,0,0,0,0,0,0,0,0,0,0]} 1. e4 c5 2. Nf3 d6 3. d4 cxd4 4. Nxd4 Nf6 5. Nc3 a6 6. Bg5 e6 7. f4 h6 8. Bh4 Qb6 9. Qd2 {B96: Sicilian Najdorf: 6 Bg5 e6 7 f4, lines other than 7...Qb6 and 7...Be7} (9. a3 Be7 10. Bf2 Qc7 11. Qf3 Nbd7 12. O-O-O b5 13. g4 Bb7 14. h4 Nc5 15. Bd3 h5 16. g5 Ng4 17. Rhg1 {½-½ (25) Grischuk,A (2766)-Vachier Lagrave,M (2779) Saint Louis 2018}) 9... Qxb2 {The position is equal.} 10. Rb1 Qa3 11. f5 Be7 12. fxe6 fxe6 {And now ...0-0 would win.} 13. Bc4 $1 Nxe4 $1 14. Nxe4 Bxh4+ 15. g3 {[#] Black must now prevent Rb3.} Bg5 16. Nxg5 hxg5 17. O-O $146 Qc5 18. Qf2 Nc6 19. Nxe6 Qxf2+ 20. Rxf2 {[#] Strongly threatening Nc7+.} Bxe6 $1 21. Bxe6 Rb8 22. Bd5 {Bxc6+ is the strong threat.} Ne5 23. Rxb7 Rxb7 24. Bxb7 $11 {[%mdl 4096] Endgame KRB-KRN} Ke7 25. Bxa6 Ra8 26. Bb7 Rxa2 27. Bd5 Ra1+ 28. Kg2 Rd1 29. c4 Rc1 30. h3 g6 31. Re2 Rc3 32. Rf2 Rc1 33. Re2 Kf6 34. Rf2+ Kg7 35. Rd2 Rc3 36. Be6 Nd3 37. Bd5 Ne5 {Accuracy: White = 81%, Black = 96%.} 1/2-1/2

[Event "UKR-chT 2019"]
[Site "Chornomorsk"]
[Date "2019.05.24"]
[Round "5.3"]
[White "Omelja, Artem"]
[Black "Bykovskiy, Oleg"]
[Result "1-0"]
[WhiteElo "2451"]
[BlackElo "2289"]
[Annotator "TA"]
[PlyCount "51"]
[EventDate "2019.05.20"]
[EventCountry "UKR"]
[SourceTitle "playchess.com"]
[Source "ChessBase"]
[SourceQuality "1"]

{[%evp 16,51,12,18,33,37,112,13,29,6,20,0,0,-4,23,20,16,24,28,22,22,18,49,46,54,68,73,56,325,304,398,409,404,392,426,417,608,597]} 1. d4 Nf6 2. Nf3 g6 3. Bg5 Bg7 4. Nbd2 d5 5. e3 O-O 6. Be2 c5 7. c3 Qb6 8. Qb3 Nc6 9. O-O c4 {D03: 1 d4 d5 2 Nf3 Nf6 3 Bg5, including Torre Attack with early ...d5} (9... Bf5 10. h3 Rfe8 11. Bf4 Ne4 12. g4 Nxd2 13. Nxd2 Bc8 14. Qxb6 axb6 15. Bc7 cxd4 16. exd4 e5 17. dxe5 Bxe5 18. Bxe5 Rxe5 {½-½ (39) Tomashevsky,E (2722)-Volokitin,A (2668) Novi Sad 2016}) 10. Qa3 e5 $146 (10... Re8 $14) ({Predecessor:} 10... h6 11. Bh4 Bf5 12. b3 cxb3 13. axb3 a5 14. Qb2 Rfc8 15. h3 Ne4 16. Nxe4 Bxe4 17. Bg3 {½-½ (60) Maghsoodloo,P (2601)-Darini,P (2497) Bushehr 2018}) 11. b3 ({Better is} 11. dxe5 $16 Ng4 12. e4) 11... exd4 $11 {The position is equal.} 12. Nxd4 Nxd4 13. cxd4 c3 14. Bxf6 $1 Bxf6 15. Nb1 $1 {[%cal Bd2b1,Bb1c3,Bc3d5,Bd5e3][%mdl 32]} c2 16. Nc3 Qc6 $1 {[%cal Rc6c3]} 17. b4 {[%cal Bb3b4,Bb4b5][%mdl 32]} Bf5 {[#] Hoping for ...Rac8.} 18. b5 Qe6 19. Bf3 Be7 20. Qb3 Rac8 21. Nxd5 Bd6 $2 {[%mdl 8192] [#]} (21... Bg5 $14) 22. e4 $1 $18 {[%mdl 512]} Kg7 ({Don't blunder} 22... Bg4 $2 23. Bxg4 f5 24. exf5 $18) (22... Bxe4 23. Bxe4) 23. exf5 Qxf5 24. g3 Rfe8 25. Kg2 g5 (25... a6 $142 26. bxa6 bxa6) 26. Ne3 {[%mdl 64] Discovered Attack. Accuracy: White = 76%, Black = 23%.} 1-0

[Event "UKR-chT 2019"]
[Site "Chornomorsk"]
[Date "2019.05.24"]
[Round "5.4"]
[White "Berdnyk, Mariia"]
[Black "Voitovich, Vladislav"]
[Result "1-0"]
[WhiteElo "2074"]
[BlackElo "2325"]
[Annotator "TA"]
[PlyCount "99"]
[EventDate "2019.05.20"]
[EventCountry "UKR"]
[SourceTitle "playchess.com"]
[Source "ChessBase"]
[SourceQuality "1"]

{[%evp 13,99,12,16,-27,-43,-35,-33,-45,-14,-20,0,0,6,0,5,29,22,14,22,17,78,0,9,19,31,-8,0,-45,-62,-46,-47,-49,-39,-44,-22,-106,-108,-135,-135,-134,-92,-120,-117,-189,-109,-174,-170,-159,-162,-166,-149,-177,-162,-200,-210,-214,-200,-287,-197,-189,-208,-192,-87,-97,-120,-185,0,0,0,0,0,0,0,0,0,0,877,823,29979,29980,29982,29983,29980,29981,29981,29982,29982,0]} 1. d4 Nf6 2. c4 Nc6 3. Nf3 e6 4. Nc3 Bb4 5. Qc2 d6 6. Bg5 h6 7. Bxf6 Qxf6 8. O-O-O {E33: Nimzo-Indian: Classical: 4...Nc6} (8. e3 {is more complex.} e5 9. d5 Bxc3+ 10. Qxc3 Ne7 11. Bd3) (8. e3 d5 9. c5 Bxc3+ 10. Qxc3 Ne7 11. Bd3 O-O 12. O-O b6 {½-½ (12) Karpov,A (2623)-Rashkovsky,N (2483) Ekaterinburg 2018}) 8... Bxc3 9. Qxc3 e5 10. dxe5 $146 {Black is slightly better.} ({Predecessor:} 10. d5 Ne7 11. e4 Qf4+ 12. Qe3 Qxe3+ 13. fxe3 Bg4 14. Be2 f5 15. h3 Bh5 16. exf5 Bxf3 17. Bxf3 Nxf5 {1-0 (64) Benk,T (1807)-Sabahi,A (1907) Canakkale 2015}) 10... Nxe5 11. Nxe5 dxe5 12. e3 O-O 13. Bd3 Re8 14. f3 Be6 15. Be4 Rab8 16. Kb1 Rbd8 (16... c6 $11) 17. g4 (17. Bxb7 $16 Qg6+ 18. Be4 Rxd1+ 19. Rxd1 Qxg2 20. Qxe5) 17... c6 18. b3 Qh4 19. Qxe5 Bxc4 20. Qb2 Be6 21. Qc2 a5 22. Rxd8 Qxd8 23. Rd1 Qb6 24. Rd3 (24. Qc3 $11 {remains equal.}) 24... a4 $17 25. Kc1 axb3 26. axb3 Ra8 27. Qb2 Qb4 28. Kd1 (28. Qc3 $17 {was necessary.} Qa3+ 29. Kd1) 28... Kf8 ({Black should try} 28... Qe7 $19 {Threatens to win with ...Bxg4!} 29. Qd4 h5 $1 {[%mdl 512]}) 29. Qc3 (29. h3 $17 {might work better.}) 29... Qxc3 $19 30. Rxc3 {[%mdl 4096] Endgame KRB-KRB} Ra1+ $1 31. Kd2 Rh1 32. Kd3 Rxh2 33. Kd4 Rb2 34. Bc2 g6 35. Kc5 (35. Ke5 $142) 35... h5 36. gxh5 gxh5 37. f4 f5 (37... Bg4 $19 {...h4 is the strong threat.} 38. Kb6 h4 39. Kxb7 f5) 38. Kd6 $17 Kf7 39. Ke5 {[#]} (39. Rc5 $17 {was called for.}) 39... h4 $2 ({Black should play} 39... Ke7 $1 $19 {Hoping for ...h4.} 40. Rc5 h4 41. Bxf5 Rxb3 42. Bxe6 Rxe3+ 43. Kd4 Rxe6) 40. Bxf5 $11 Bxf5 ({Don't blunder} 40... Bxb3 $2 {[#]} 41. Rxb3 $1 {[%mdl 512]} Rxb3 42. Be6+ Kg7 43. Bxb3 $18) 41. Kxf5 {Strongly threatening e4. KR-KR} Rg2 42. e4 {And now Rh3 would win.} Rg3 43. Rc2 Rxb3 44. e5 Rg3 $2 {[%mdl 8192]} (44... Ke7 $11) 45. e6+ $18 Kg7 46. Re2 {White mates.} Kf8 47. Kf6 Ra3 48. e7+ Ke8 49. Rg2 Re3 50. Rg7 $2 {[%mdl 32768] Accuracy: White = 37%, Black = 50%. . Loss on time!?} (50. Rg8+ {mates} Kd7 51. Rd8+ Kc7 52. e8=Q Rxe8 53. Rxe8 Kd6 54. f5 Kd7 55. Re1) 1-0

[Event "UKR-chT 2019"]
[Site "Chornomorsk"]
[Date "2019.05.24"]
[Round "5.5"]
[White "Doluhanova, Evgeniya"]
[Black "Olishevskyi, Andriy"]
[Result "1/2-1/2"]
[WhiteElo "2319"]
[BlackElo "2263"]
[Annotator "TA"]
[PlyCount "45"]
[EventDate "2019.05.20"]
[EventCountry "UKR"]
[SourceTitle "playchess.com"]
[Source "ChessBase"]
[SourceQuality "1"]

{[%evp 9,45,35,31,0,8,0,0,13,17,-9,-1,-11,2,-20,-13,-30,-25,-39,-32,-32,-35,-32,-39,-68,-56,-50,-41,-79,-74,-108,-70,-68,-69,-62,-69,-73,0,-76]} 1. e4 c6 2. d4 d5 3. e5 Bf5 4. Nd2 e6 5. Nb3 Nd7 6. Be3 {B12: Caro-Kann: Advance Variation} (6. Nf3 Ne7 7. Be2 h6 8. a4 Qc7 9. O-O g5 10. a5 O-O-O 11. Bd2 a6 12. c4 dxc4 13. Bxc4 Nd5 14. Qe2 {0-1 (38) Movsesian,S (2629)-Shankland,S (2725) chess.com INT 2019}) 6... f6 7. f4 Nh6 8. Nf3 Be7 9. Bd3 O-O 10. O-O Rc8 $146 ({Predecessor:} 10... fxe5 11. fxe5 Bxd3 12. Qxd3 Nf5 13. Bf2 h5 {½-½ (30) Ashwin,J (2413)-Arun Prasad,S (2552) Dubai 2009}) 11. Qe2 Bxd3 12. cxd3 fxe5 13. Nxe5 Nxe5 14. fxe5 Nf5 15. Bf2 b6 16. Rac1 Qe8 17. Rc2 Qg6 18. Kh1 Bg5 19. Nd2 Bxd2 20. Rxd2 h5 21. Rc2 Rc7 22. Rfc1 Rfc8 (22... Rcf7 $17) 23. Qf3 {Accuracy: White = 22%, Black = 69%.} (23. b4 $11) 1/2-1/2

[Event "UKR-chT 2019"]
[Site "Chornomorsk"]
[Date "2019.05.24"]
[Round "5.6"]
[White "Pampukha, Oleksandra"]
[Black "Maly, Alexey"]
[Result "0-1"]
[WhiteElo "1794"]
[BlackElo "2349"]
[Annotator "TA"]
[PlyCount "42"]
[EventDate "2019.05.20"]
[EventCountry "UKR"]
[SourceTitle "playchess.com"]
[Source "ChessBase"]
[SourceQuality "1"]

{[%evp 10,42,2,-10,0,0,0,0,0,0,0,0,0,0,0,0,0,-70,-79,-272,-255,-268,-268,-360,-355,-459,-54,-442,-453,-583,-579,-922,-909,-875,-829]} 1. e4 c6 2. d3 d5 3. Nd2 e5 4. Ngf3 Bd6 5. d4 exd4 6. exd5 Nf6 {B10: Caro-Kann: 2 d3 and 2 c4} 7. dxc6 (7. Nc4 Bb4+ 8. Bd2 Bxd2+ 9. Qxd2 cxd5 10. Nce5 O-O 11. O-O-O Nc6 12. Nxc6 bxc6 13. Qxd4 Bg4 14. Bd3 {1-0 (38) Carlsen,M (2832)-So,W (2815) chess.com INT 2017}) 7... Nxc6 8. Be2 O-O $146 {The position is equal.} ({Predecessor:} 8... Bf5 9. O-O {0-1 (30) Iermito,S (2463)-Labollita,M (2385) Buenos Aires 2013}) 9. O-O Bf5 10. Nb3 Qc7 11. Bg5 Ne4 $36 {[%mdl 2048] Black has the initiative.} 12. Bh4 Rfe8 13. Nbxd4 (13. Re1 $11) 13... Nxd4 $15 14. Qxd4 $2 {[#]} (14. Nxd4 $17 Bxh2+ 15. Kh1) 14... g5 $1 $19 15. Bb5 Red8 {Hoping for ...Bxh2+!} ({Don't take} 15... gxh4 16. Bxe8 Rxe8 17. Qd5 $19) 16. Qe3 gxh4 17. Nxh4 Bxh2+ 18. Kh1 Bf4 {Black is clearly winning.} 19. Qe2 Rd2 {[%mdl 64] [#] Double Attack} 20. Qe1 Qe5 21. Bd3 Re8 {Accuracy: White = 67%, Black = 91%.} 0-1

[Event "UKR-chT 2019"]
[Site "Chornomorsk"]
[Date "2019.05.25"]
[Round "6.1"]
[White "Galperin, Platon"]
[Black "Onischuk, Vladimir"]
[Result "1/2-1/2"]
[WhiteElo "2424"]
[BlackElo "2633"]
[Annotator "ChessBase"]
[PlyCount "23"]
[EventDate "2019.05.20"]
[EventCountry "UKR"]
[SourceTitle "playchess.com"]
[Source "ChessBase"]
[SourceQuality "1"]
[TimeControl "40/5400+30:1800+30"]

1. e4 {[%emt 0:00:53]} d6 {[%emt 0:00:00]} 2. d4 {[%emt 0:00:02]} Nf6 {[%emt 0:00:00]} 3. Nc3 {[%emt 0:00:16]} g6 {[%emt 0:00:24]} 4. f4 {[%emt 0:00:05]} Bg7 {[%emt 0:00:10]} 5. Nf3 {[%emt 0:00:03]} O-O {[%emt 0:00:13]} 6. e5 {[%emt 0:01:45]} dxe5 {[%emt 0:00:13]} 7. fxe5 {[%emt 0:00:05]} Nd5 {[%emt 0:00:33]} 8. Bc4 {[%emt 0:00:32]} Nb6 {[%emt 0:02:51]} 9. Bb3 {[%emt 0:00:01]} Nc6 {[%emt 0:00:16]} 10. a4 {[%emt 0:00:02]} Na5 {[%emt 0:07:49]} 11. Ba2 {[%emt 0:00:03]} Bg4 {[%emt 0:02:26]} 12. Ne4 {[%emt 0:00:14]} 1/2-1/2